Über die Kontinuität der Traditionen im modernen System der Festbräuche

Bibliographic Details
Main Author: Todorov, Delčo (Author)
Format: Article
Language:German

MARC

LEADER 00000nab a2200000ua 4500
001 vtls010849449
003 SK-MaSNL
005 20260303134826.0
008 230218s xo |||||||||||||||||ger|
035 |a (urnnbn)urn:nbn:sk:snk:ar-a079m0 
035 |a urn:nbn:sk:snk-ab6a57 
035 |a (uuid)0177c681-7f29-4253-ac65-f85e54e1fecf 
040 |a SNKBUCL  |b slo  |c SNKBUCL  |e AACR2 
041 0 |a ger 
044 |a xo  |c SK 
100 1 |a Todorov, Delčo  |4 aut  |9 518759 
245 1 0 |a Über die Kontinuität der Traditionen im modernen System der Festbräuche  |c Delčo Todorov 
773 0 |t Ethnologia slavica : zborník Filozofickej fakulty Univerzity Komenského  |g Roč. 10-11, č. 10-11 (1978-79), s. 109-117 
958 |a OND 
958 |a EUIPO 
958 |a article5 
999 |c 1961997  |d 1963927